000 01235pam a2200313 a 4500
001 1526903
005 19910730175150.8
008 900725s1991 nyu 000 0 eng
010 _a 90044794
020 _a0805006966 :
_c$29.95
040 _aDLC
_cDLC
_dDLC
041 1 _aeng
_hrus
050 0 0 _aPG3476.E96
_bA27 1991
100 1 _aYevtushenko, Yevgeny Aleksandrovich,
_d1933-
240 1 0 _aPoems.
_lEnglish
245 1 4 _aThe collected poems, 1952-1990 /
_cYevgeny Yevtushenko ; edited by Albert C. Todd with the author and James Ragan.
250 _a1st ed.
260 _aNew York :
_bHenry Holt,
_cc1991.
300 _axxiv, 662 p. ;
_c26 cm.
500 _a"A John Macrae book."
500 _aPoems translated from the Russian.
600 1 0 _aYevtushenko, Yevgeny Aleksandrovich,
_d1933-
_xTranslations into English.
700 1 _aTodd, Albert.
700 1 _aRagan, James,
_d1944-
906 _a7
_bcbc
_corignew
_d1
_eocip
_f19
_gy-gencatlg
942 _2lcc
_cBK
999 _c25396
_d25396